00443nam a22001457a 450000500170000000800410001702000150005804100120007308200120008510000120009724500750010926000570018430000300024165000260027120241014060942.0241014b |||||||| |||| 00| 0 eng d a0409006017 aEnglish a348 SOU lEnglish aThe South African Encyclopaedia of Forms and Precedents /cC Weinberg  aDurban: bButterworths Publishers (Pty) Ltd, c1983  bxlix, 348 pages; c26 cm. aLegal practice bLaw